Úplné znenie zákona o cestovných náhradách

Zákon č. 283/2002 Z.z. v znení zákona č. 530/2004 Z.z., zákona č. 81/2005 Z.z. a zákona č. 312/2005 Z.z. Zákon je úplne zlučiteľný s právom Európskych spoločenstiev a s právom Európskej únie. Za úplným znením zákona nasleduje Komentár k zákonu o cestovných náhradách.

Salvato in:
Dettagli Bibliografici
Natura: Capitolo di libro
Lingua:slovacco
Soggetti:
Tags: Aggiungi Tag
Nessun Tag, puoi essere il primo ad aggiungerne!!

MARC

LEADER 00000naa$a2200000$$$4500
001 0044689
005 20231114090509.4
041 0 |a slo 
044 |a SK 
245 1 0 |a Úplné znenie zákona o cestovných náhradách 
520 |a Zákon č. 283/2002 Z.z. v znení zákona č. 530/2004 Z.z., zákona č. 81/2005 Z.z. a zákona č. 312/2005 Z.z. Zákon je úplne zlučiteľný s právom Európskych spoločenstiev a s právom Európskej únie. Za úplným znením zákona nasleduje Komentár k zákonu o cestovných náhradách. 
610 2 0 |a náhrada cestovného 
610 2 0 |a zákony 
610 2 0 |a Slovensko 
610 2 0 |a komentáre 
610 2 0 |a 2002-2005